Szeged falvai

Elmentve itt :
Bibliográfiai részletek
Szerző: Móra Ferenc
Dokumentumtípus: Cikk
Megjelent: 1924-07-20
Sorozat:Délmagyarország 5 No. 165
Kulcsszavak:Várostörténet Szeged 1924, Szeged
Online Access:http://dmarchiv.bibl.u-szeged.hu/45477
LEADER 00450nab a2200157 i 4500
001 delm45477
005 20180927131918.0
008 180927s1924 hu o 0|| hun d
040 |a SZTE Délmagyarország Archívum  |b hun 
041 |a hun 
100 1 |a Móra Ferenc 
245 1 0 |a Szeged falvai  |h [elektronikus dokumentum] /  |c  Móra Ferenc 
260 |c 1924-07-20 
300 |a 1 
490 0 |a Délmagyarország  |v 5 No. 165 
695 |a Várostörténet Szeged 1924, Szeged